000 00264nam a22001217a 4500
008 170622b xxu||||| |||| 00| 0 eng d
041 _aeng
080 _a32
100 _a21
101 _aSHP
245 _aMARKETS MORAL REGULATION
_cKURZER.P
942 _2udc
_cBK
999 _c18848
_d18848